| 000 | 00569nam a22001817a 4500 | ||
|---|---|---|---|
| 999 |
_c17568 _d17568 |
||
| 003 | AR-CdUCM | ||
| 008 | 190509b ||||| |||| 00| 0 spa d | ||
| 040 |
_aMUNICIPALIDAD PROVINCIAL DEL CUSCO _cBIBLIOTECA MUNICIPAL DEL CUSCO |
||
| 082 |
_a926 / _bL54 |
||
| 100 |
_aLevine, I. E. _937655 |
||
| 245 |
_aOttmar Mergenthaler / _aEl mago de la imprenta / |
||
| 260 |
_aBuenos Aires : _bPlaza & Janes, _c1965. |
||
| 300 |
_a219 páginas ; _c18 cm. |
||
| 440 |
_aColección alboreal. _937656 |
||
| 650 |
_aLiteratura. _983 |
||
| 942 |
_2ddc _cLIBROS |
||
| 945 |
_arum _d2019-05-09 |
||